Current Concepts in Endometrial Cancer

This book comprehensively covers endometrial carcinoma, a type of gynecological cancer that is often overlooked but of great interest. Although the incidence of the disease is rapidly increasing, both per se and as part of familial cancer syndromes, there is a great deal of controversy regarding its...

Πλήρης περιγραφή

Λεπτομέρειες βιβλιογραφικής εγγραφής
Συγγραφή απο Οργανισμό/Αρχή: SpringerLink (Online service)
Άλλοι συγγραφείς: Patni, Ranu (Επιμελητής έκδοσης)
Μορφή: Ηλεκτρονική πηγή Ηλ. βιβλίο
Γλώσσα:English
Έκδοση: Singapore : Springer Singapore : Imprint: Springer, 2017.
Θέματα:
Διαθέσιμο Online:Full Text via HEAL-Link
LEADER 02795nam a22004335i 4500
001 978-981-10-3108-3
003 DE-He213
005 20170315165613.0
007 cr nn 008mamaa
008 170315s2017 si | s |||| 0|eng d
020 |a 9789811031083  |9 978-981-10-3108-3 
024 7 |a 10.1007/978-981-10-3108-3  |2 doi 
040 |d GrThAP 
050 4 |a RC254-282 
072 7 |a MJCL  |2 bicssc 
072 7 |a MED062000  |2 bisacsh 
082 0 4 |a 616.994  |2 23 
245 1 0 |a Current Concepts in Endometrial Cancer  |h [electronic resource] /  |c edited by Ranu Patni. 
264 1 |a Singapore :  |b Springer Singapore :  |b Imprint: Springer,  |c 2017. 
300 |a XI, 131 p. 44 illus., 40 illus. in color.  |b online resource. 
336 |a text  |b txt  |2 rdacontent 
337 |a computer  |b c  |2 rdamedia 
338 |a online resource  |b cr  |2 rdacarrier 
347 |a text file  |b PDF  |2 rda 
505 0 |a Overview of Endometrial Carcinoma -- Premalignant lesions of the Endometrium -- Epidemiology and Prevention of Endometrial Carcinoma -- Pathophysiology of Endometrial Carcinoma -- Diagnosis and pre-management work-up of Endometrial Carcinoma -- Management of early stage Endometrial Carcinoma -- Management of advanced stage Endometrial Carcinoma -- Recurrent Endometrial Carcinoma -- Minimally invasive surgery for Endometrial Carcinoma -- Future perspectives for Endometrial Carcinoma. 
520 |a This book comprehensively covers endometrial carcinoma, a type of gynecological cancer that is often overlooked but of great interest. Although the incidence of the disease is rapidly increasing, both per se and as part of familial cancer syndromes, there is a great deal of controversy regarding its diagnosis, evaluation and management. This book underlines the significance of endometrial carcinoma, highlights key prevention measures, charts its evaluation, and addresses the stage-by-stage management of this malignancy, with particular attention to the role of minimally invasive surgery. Further, it includes a chapter on future perspectives including robotics, targeted therapies and other developments in the offing. Overall, the book provides a comprehensive guide to endometrial cancer, which if approached properly, can have an excellent prognosis, thus saving many lives and/or achieving substantially improved quality of life.>. 
650 0 |a Medicine. 
650 0 |a Gynecology. 
650 0 |a Oncology. 
650 1 4 |a Medicine & Public Health. 
650 2 4 |a Oncology. 
650 2 4 |a Gynecology. 
700 1 |a Patni, Ranu.  |e editor. 
710 2 |a SpringerLink (Online service) 
773 0 |t Springer eBooks 
776 0 8 |i Printed edition:  |z 9789811031076 
856 4 0 |u http://dx.doi.org/10.1007/978-981-10-3108-3  |z Full Text via HEAL-Link 
912 |a ZDB-2-SME 
950 |a Medicine (Springer-11650)